|
|
|
|
| LEADER |
00000nam a2200000 a 4500 |
| 001 |
vtls008847144 |
| 003 |
SK-MaSNL |
| 005 |
20260301165705.0 |
| 008 |
180216s2004 xo ol f a 101 0 eng |
| 015 |
|
|
|a SNBA2006/09-04974
|
| 020 |
|
|
|a 8022721719
|q (brož.)
|
| 035 |
|
|
|a B9D9BBBB-6DA9-4217-9020-929B77076A70
|
| 035 |
|
|
|a urn:nbn:sk:snk-amygoi
|
| 035 |
|
|
|a urn:nbn:sk:snk-am00clbz
|
| 040 |
|
|
|a SNK
|b slo
|c SNK
|e AACR2
|
| 041 |
0 |
|
|a eng
|b eng
|
| 044 |
|
|
|a xo
|c SK
|
| 072 |
|
7 |
|a 37
|x Výchova a vzdelávanie
|2 konspekt
|
| 072 |
|
7 |
|a 004
|x Počítačová veda. Výpočtová technika. Informačné technológie
|2 konspekt
|
| 080 |
|
|
|a 378.4
|2 2001
|
| 080 |
|
|
|a 37.018.43:004.738.5
|2 2001
|
| 080 |
|
|
|a 371.3:004
|2 2001
|
| 080 |
|
|
|a 004
|2 2001
|
| 080 |
|
|
|a 37.013.2
|2 2001
|
| 080 |
|
|
|a (063)
|2 2001
|
| 111 |
2 |
|
|a Virtual University
|n (5. :
|d 2004 :
|c Bratislava, Slovensko)
|9 90846
|
| 245 |
1 |
0 |
|a Virtual University VU '04
|b 5th International Conference : [proceedings] : December 16-17, 2004, Bratislava, Slovak Republic
|c editors: Mikuláš Huba and Karel Květoň
|
| 250 |
|
|
|a [1st ed.]
|
| 260 |
|
|
|a [Bratislava
|b Slovak University of Technology
|c 2004]
|
| 500 |
|
|
|a Vydavateľské údaje uvedené podľa ISBN
|
| 504 |
|
|
|a Bibliogr. odkazy. Reg. aut.
|
| 546 |
|
|
|a Res. angl.
|
| 650 |
0 |
7 |
|a virtuálne vzdelávanie
|2 SNKPH
|9 67555
|
| 650 |
0 |
7 |
|a e-learning
|2 SNKPH
|9 28660
|
| 650 |
0 |
7 |
|a informačné technológie
|2 SNKPH
|9 1527
|
| 650 |
0 |
7 |
|a technológia vzdelávania
|2 SNKPH
|9 24551
|
| 650 |
0 |
7 |
|a univerzity
|2 SNKPH
|9 22152
|
| 655 |
|
7 |
|a zborníky konferencií
|2 SNKPH
|9 70153
|
| 700 |
1 |
|
|a Huba, Mikuláš,
|d 1951-
|4 edt
|9 98562
|
| 700 |
1 |
|
|a Květoň, Karel,
|d 1941-
|4 edt
|9 111479
|
| 919 |
|
|
|a 80-227-2171-9
|
| 958 |
|
|
|a ART
|
| 999 |
|
|
|c 825173
|d 827103
|
| 952 |
|
|
|a SNK
|b SNK
|y PREZ
|7 0
|p 17A0457328
|o snkSB 72885
|i snk2006/18241
|8 0
|0 0
|1 0
|4 0
|d 2006-09-19
|f 1
|l 0
|r 2025-04-25 00:00:00
|w 2026-02-24
|
| 952 |
|
|
|a SNK
|b SNK
|y VYP
|7 0
|p 17A0457329
|o snkSB 72885 D1
|i snk2006/18242
|8 0
|0 0
|1 0
|4 0
|d 2006-09-19
|l 0
|r 2016-06-30 00:00:00
|w 2026-02-24
|